00571nam a22001697a 4500003001100000005001700011008004100028020001800069040003900087041000800126082001600134245012200150260004500272300001400317650003800331650003200369LK-CoMWRAF20231122144956.0230930b2007 |||||||| |||| 00| 0 eng d a9789551858001 aLK-CoMWRAFdLK-CoMWRAFeLK-CoMWRAF aeng a305.42bSPA aspace to speak: bstudy on female domestic workers in Sri Lanka (with special reference to the tea plantation sector) aKandy:bRed flag women's movement,c2007 aiv, 28 p. aFEMALE DOMESTIC WORKERS-Sri Lanka aFemale workers-Tea industry